00659nam a22002057a 450000500170000001000220001702000270003903500170006603500130008303500140009603700140011008200150012424501120013926000320025127000700028330000260035350000190037970000300039870000250042820180315102258.0 a1617EN ENG-117239 a9789384082710c1495.00 aB-650295-301 aB-664677 aEN-100771 adpl bBSB a970.004914 aAt the crossroads of culture and literature / cedited by Suchorita Chattopadhyay [and] Debashree Dattaray  aDelhi bPrimus Books c2016 aVirat Bhawan, Mukherjee Nagar Commercial Complex bDelhi e110009 aviii,191p. c25cm(Hb) aIncludes index aChattopadhyay, Suchorita  aDattaray, Debashree